| 000 | 00427nam a2200145 a 4500 | ||
|---|---|---|---|
| 001 | 2574 | ||
| 003 | CDMR | ||
| 005 | 20151016131202.0 | ||
| 008 | 130130s1924||||||||||||||||||||||||||||d | ||
| 040 |
_aCDMR _bcat _cCDMR |
||
| 110 | 2 |
_9208 _aAsociación de la Prensa Diaria de Barcelona |
|
| 245 | 1 | 0 |
_aLista de Socios _bAsociación de la Prensa Diaria de Barcelona |
| 260 |
_aBarcelona _c1924 _bTalleres Gráficos La Prensa |
||
| 942 | _cMON | ||
| 999 |
_c2574 _d2574 |
||